000 01386naa a22003257a 4500
001 BR8403926
003 BR-BrBNA
005 20240918175444.0
007 ta
008 230509b bl.||||| |||| 00| 0 por d
040 _aBR-BrBNA
_bpor
_cBiblioteca Nacional de Agricultura
041 _a(Pt)
072 _aS00; E30; E70
_b/G514
090 _aS00 BR8403926
100 1 _aBarreto Junior, D.
111 1 _aSeminario Nacional de Abastecimento Alimentar em Grandes Cidades - A Experiencia de Sao Paulo
_cSao Paulo, SP (Brazil)
_d15-19 Oct 1984
245 1 _aProjeto de Abastecimento de Alimentos Basicos em Areas de Baixa Renda. O PROAB em Recife - Abrangencia e perspectivas [Pernambuco, Brasil]
260 3 _aSao Paulo, SP (Brasil):
_c1984.
500 _aAnais do Seminario Nacional de Abastecimento Alimentar em Grandes Cidades - A Experiencia de Sao Paulo Sao Paulo, SP (Brasil): 1984. p. 333-345 (BR8403926-AM)S00
650 _aPROJETO DE DESENVOLVIMENTO
650 _aBAIXA RENDA
650 _aSUPRIMENTO DE ALIMENTO
650 _aCONSUMO ALIMENTAR
650 _aABASTECIMENTO
650 _aRECIFE
650 _aPERNAMBUCO
773 0 _tAnais do Seminario Nacional de Abastecimento Alimentar em Grandes Cidades - A Experiencia de Sao Paulo
_wS00 BR8403926
_gSao Paulo, SP (Brasil), 1984. p. 333-345
909 _a202404
_bLucia
_c55
_dLucia Elande
942 _cAM
_2AGRIS
999 _c316811
_d316811